Statistics for General Knowledge Quiz #217

Click here to take the quiz!

General Stats

  • This quiz has been taken 25,949 times
  • The average score is 12 of 20

Answer Stats

QuestionAnswer% Correct
What did the Facebook corporation change its name to in 2021?Meta Systems
86%
Which world capital starts and ends with W?Warsaw
83%
What is the largest landmass that doesn't have mosquitos?Antarctica
80%
Which two countries, between them, have more than 1/3 of the world's oil reserves?
Saudi Arabia
78%
What organization has a General Assembly and a Security Council?
United Nations
76%
Her name is three letters long and she was supposedly created from a
three letter body part. Who is she?
Eve
74%
What single Italian word means both "Konnichiwa" and "Sayonara"?Ciao
71%
What "curious" movie character was born an old man and aged backwards?Benjamin Button
65%
What painting of the early 1500s is known as La Gioconda by people from the
painter's home country of Italy?
The Mona Lisa
65%
What is the largest cell in the human body? (Hint: only about half of people have them)Egg
58%
What might be measured at 120 systolic over 80 diastolic?Blood pressure
54%
What country is made up of North, South, and more than 700 other islands?New Zealand
54%
What "catch" said that you can get out of the army if you're crazy, but wanting to
get out of the army proves you're not crazy?
Catch 22
53%
What heir to an Italian fashion house was killed by a hitman hired by his ex-wife in 1995?Maurizio Gucci
53%
What beverage was supposedly invented by an ancient king named
Shennong in 2737 BC?
Tea
52%
In which two U.S. states did Native Americans carve totem poles?Washington
51%
In which two U.S. states did Native Americans carve totem poles?Alaska
44%
Which two countries, between them, have more than 1/3 of the world's oil reserves?Venezuela
43%
Who died at the age of 32 in Babylon in 323 BC?Alexander the Great
41%
What is the lightest element that is solid at room temperature and standard pressure?Lithium
29%

Score Distribution

Percentile by Number Answered

Percent of People with Each Score

Your Score History

You have not taken this quiz